000 00435nam a2200181Ia 4500
005 20250423100914.0
008 250422s9999 xx 000 0 und d
020 _a978-0-330-45776-7
050 _aPZ 4. A6725 Sh3/
100 _aArcher, Jeffrey
245 0 _aShall we tell the President & Kane & Abel
260 _aNew Wharf
260 _bPan Books
260 _c2003
300 _a549 p
650 _aLiterature
942 _cBK
999 _c34702
_d34702